Online aplikácia pre sledovanie pohybu zariadenia v budove

Na minha lista:
Detalhes bibliográficos
Autor principal: Venczel, Juraj (Author)
Outros Autores: Žáková, Katarína (Thesis advisor)
Formato: Manuscrito Livro
Idioma:eslovaco
Publicado em: 2019
Assuntos:
Acesso em linha:http://is.stuba.sk/zp/portal_zp.pl?podrobnosti=123463
Tags: Adicionar Tag
Sem tags, seja o primeiro a adicionar uma tag!

MARC

LEADER 00000ntm a22000003a 4500
001 stuzp66954
003 SK-STU
005 20190903141321.7
007 ta
008 150427s2015----xo-----f-mn---000-0-slo-d
040 |a STU  |b slo 
041 0 |a slo 
044 |a xo 
100 1 |a Venczel, Juraj  |u 035000  |4 aut  |U FEI Fakulta elektrotechniky a informatiky  |T FEI Ústav informatiky a matematiky  |X 80125  |U E050  |Y 816  |7 80125 
242 0 1 |a Online application for movement tracking in a building  |y eng 
245 1 0 |a Online aplikácia pre sledovanie pohybu zariadenia v budove 
260 |c 2019 
300 |a 46 s.,  |b CD-ROM 
650 4 |a lokalizácia  |2 slo 
650 4 |a wifi signál  |2 slo 
650 4 |a Raspberry  |2 slo 
650 4 |a webová aplikácia  |2 slo 
650 4 |a localization  |2 eng 
650 4 |a wifi signal  |2 eng 
650 4 |a Raspberry  |2 eng 
650 4 |a web aplication  |2 eng 
700 1 |a Žáková, Katarína  |u 030400  |k Z1  |4 ths  |U FEI Fakulta elektrotechniky a informatiky  |T FEI Ústav automobilovej mechatroniky  |X 4948  |U E400  |Y 642  |7 A000004948 
856 4 |u http://is.stuba.sk/zp/portal_zp.pl?podrobnosti=123463 
996 |b 284ER03049  |c E*Bc- 3049  |l EE35  |s P  |a 0  |w stuzp66954_0001